Termodynamics : An engineering aproach / Yunus A. Cengel, Michael A. Boles (Registro nro. 19312)
[ vista simple ]
| 000 -LÍDER | |
|---|---|
| fixed length control field | 00529nam a2200181 4500 |
| 008 - ELEMENTOS DE LONGITUD FIJA -- INFORMACIÓN GENERAL | |
| fixed length control field | 0 1998 0a 000 0Mex |
| 020 ## - NÚMERO INTERNACIONAL NORMALIZADO PARA LIBROS | |
| ISBN | 0070-1192-7-9 |
| 050 ## - SIGNATURA TOPOGRAFICA DE LA BIBLIOTECA DEL CONGRESO (LC) | |
| Número de Clasificación | TJ265 C45 |
| 082 ## - NUMERO DE CLASIFICACION DECIMAL DEWEY | |
| Número de Clasificación | 621.402.1 C395t |
| 100 ## - ASIENTO PRINCIPAL--NOMBRE PERSONAL | |
| Nombre personal | Cengel, Yunus A. |
| 245 ## - TÍTULO | |
| Título | Termodynamics : An engineering aproach / Yunus A. Cengel, Michael A. Boles |
| 250 ## - MENCIÓN DE EDICIÓN | |
| Mención de edición | 3 |
| 260 ## - PUBLICACIÓN, DISTRIBUCIÓN, ETC. (PIE DE IMPRENTA) | |
| Lugar de publicación, distribución, etc. | México : Mcgraw-Hill |
| 300 ## - DESCRIPCIÓN FÍSICA | |
| Extensión | xxxix, 1010 p. / 25 cm. |
| 500 ## - NOTA GENERAL | |
| Nota general | Incluye diskette 3.5 |
| 650 ## - ASIENTO SECUNDARIO DE MATERIA - TERMINO TEMÁTICO | |
| Término temático o nombre geográfico como elemento de entrada | 1. TERMODINAMICA |
| 700 ## - ASIENTO SECUNDARIO - NOMBRE PERSONAL | |
| Nombre personal | I. Boles, Michael A. |
| No. biblioteca | No. biblioteca | Número de clasificación | Código de barras/Número de adquisición | Número de copia | Tipo de material |
|---|---|---|---|---|---|
| LUIS G. INCLAN | LUIS G. INCLAN | 621.402.1 C395t | 31937 | 1 | Libros |
